000 00822cam a2200277 4500
001 4763
003 BD-RjUL
005 20211208233942.0
008 131223s1973 enk 000 0aeng
020 _a057110424X
035 _a(BD-RjUL)4798
040 _aDLC
_cDLC
_dBD-RjUL
_beng
041 _aeng
082 0 0 _a364.1540924
_bJAP 1973
100 1 _aJackson, Geoffrey
_d1915-
_915023
245 1 0 _aPeople's prison /
_cGeoffrey Jackson,
260 _aLondon :
_bFaber,
_cc1973.
300 _a221 p. ;
_c22 cm.
350 _a£2.50
500 _aPublished in 1974 under title: Surviving the long night.
610 2 0 _aMovimiento de Liberación Nacional (Uruguay)
_915031
650 0 _aPolitical prisoners
_zUruguay
_xPersonal narratives.
_915025
942 _2ddc
_cBK
999 _c4763
_d4763